Jojo's Bizarre Adventure - Stand rushes - Statistics

General Stats
  • This quiz has been taken 79 times
    3 since last reset
  • The average score is 5 of 7
Answer Stats
Rushes Stand User % Correct
Arri Arri Arri! Bruno Bucciarati
100%
Muda Muda Muda! Dio Brando
100%
Ora Ora Ora! Jotaro Kujo
100%
Vola Vola Vola! Narancia Ghirga
67%
Wannabeee! Trish Una
67%
Dorararara! Josuke Higashikata
33%
Ushaaaa! Various characters
33%
No matching quizzes found
Score Distribution
Percent of People with Each Score
Percentile by Number Answered
Your Score History
You have not taken this quiz since the last reset